Music Quiz

Random Music or Artist Quiz
Score 0/16 Timer 04:00
1 Play Today
% Correct
Young, Neil - Rockin’ in the Free World
76.1%
ZZ Top - La Grange
67.9%
Xzibit - Front 2 Back
63.2%
Yazoo - Don't Go
57.9%
Yes - Roundabout
49.3%
Yarbrough and Peoples -
Don't Stop the Music
40.6%
XXXTentacion - SAD!
40.4%
Yardbirds - Heart Full of Soul
39%
% Correct
XTC - Senses Working Overtime
37.9%
Zappa, Frank - Bobby Brown
37.5%
Young Rascals - A Beautiful Morning
35.3%
Zager & Evans - In the Year 2525
34.9%
The Youngbloods - Get Together
34.3%
Zac Brown Band - Chicken Fried
33.1%
X Ambassadors - Unsteady
29.7%
Zombies - Time of the Season
28.5%
Remove Ads.
Support Sporcle.
Get the best of Sporcle when you Go Orange. This ad-free experience offers more features, more stats, and more fun while also helping to support Sporcle. Thank you for becoming a member.

You're not logged in!

Compare scores with friends on all Sporcle quizzes.
OR
Log In

Sporcle TV

Today on Sporcle TV


Watch our educational content, quiz creation guides, and fun videos on Sporcle TV.

Show Comments

Extras

Top Quizzes Today


Score Distribution

Paid Content

Your Account Isn't Verified!

In order to create a playlist on Sporcle, you need to verify the email address you used during registration. Go to your Sporcle Settings to finish the process.

Report this User

Report this user for behavior that violates our Community Guidelines.

Details: